[Event "Amateur Tournament (ATO)"]
[Site "https://www.chess.com"]
[Date "2025.07.16"]
[Round "2"]
[White "Mueller, Andrin"]
[Black "Kopp, Guenter"]
[Result "1-0"]
[Board "12"]
[WhiteFideId "1348809"]
[BlackFideId "1322974"]
[WhiteElo "1884"]
[BlackElo "1747"]
[WhiteTeam "SUI"]
[BlackTeam "SUI"]
[WhiteClock "0:20:39"]
[BlackClock "0:41:04"]
[Variant "Standard"]

1. e4 {[%clk 1:30:55]}  c5 {[%clk 1:30:18]} 2. a3 {[%clk 1:31:07]}  Nc6 {[%clk 1:30:03]} 3. b4 {[%clk 1:31:29]}  cxb4 {[%clk 1:27:31]} 4. axb4 {[%clk 1:31:53]}  e6 {[%clk 1:22:09]} 5. b5 {[%clk 1:29:40]}  Nce7 {[%clk 1:18:51]} 6. Nf3 {[%clk 1:20:16]}  Nf6 {[%clk 1:14:43]} 7. e5 {[%clk 1:17:48]}  Nfd5 {[%clk 1:09:56]} 8. c4 {[%clk 1:17:03]}  Nf4 {[%clk 1:07:51]} 9. d4 {[%clk 1:14:39]}  Nfg6 {[%clk 1:07:17]} 10. h4 {[%clk 1:11:03]}  h5 {[%clk 1:06:38]} 11. Ng5 {[%clk 1:05:02]}  Nf5 {[%clk 1:01:17]} 12. g3 {[%clk 1:00:34]}  Bb4+ {[%clk 0:59:41]} 13. Bd2 {[%clk 0:59:53]}  Qe7 {[%clk 0:57:58]} 14. Ra4 {[%clk 0:57:46]}  Bxd2+ {[%clk 0:54:21]} 15. Qxd2 {[%clk 0:56:18]}  f6 {[%clk 0:51:26]} 16. Nf3 {[%clk 0:51:33]}  b6 {[%clk 0:49:15]} 17. Bg2 {[%clk 0:46:06]}  Bb7 {[%clk 0:49:00]} 18. O-O {[%clk 0:45:16]}  a5 {[%clk 0:48:15]} 19. bxa6 {[%clk 0:42:45]}  Rxa6 {[%clk 0:48:03]} 20. Rxa6 {[%clk 0:42:09]}  Bxa6 {[%clk 0:48:25]} 21. Qa2 {[%clk 0:41:39]}  Bb7 {[%clk 0:45:57]} 22. exf6 {[%clk 0:38:38]}  gxf6 {[%clk 0:44:30]} 23. Nbd2 {[%clk 0:34:55]}  d6 {[%clk 0:38:55]} 24. Qa7 {[%clk 0:33:18]}  Bxf3 {[%clk 0:38:22]} 25. Qxe7+ {[%clk 0:31:09]}  Kxe7 {[%clk 0:38:22]} 26. Nxf3 {[%clk 0:30:56]}  Rc8 {[%clk 0:37:50]} 27. Rc1 {[%clk 0:29:29]}  e5 {[%clk 0:32:19]} 28. dxe5 {[%clk 0:29:01]}  dxe5 {[%clk 0:31:01]} 29. Bh3 {[%clk 0:26:58]}  Ke6 {[%clk 0:30:21]} 30. Nd2 {[%clk 0:26:15]}  Ne7 {[%clk 0:26:14]} 31. Rb1 {[%clk 0:19:17]}  Rb8 {[%clk 0:24:40]} 32. Ne4 {[%clk 0:16:57]}  Kf7 {[%clk 0:22:17]} 33. c5 {[%clk 0:12:30]}  b5 {[%clk 0:21:46]} 34. c6 {[%clk 0:08:25]}  Kg6 {[%clk 0:21:25]} 35. c7 {[%clk 0:05:31]}  Rb6 {[%clk 0:18:00]} 36. Bxf5+ {[%clk 0:03:01]}  Kxf5 {[%clk 0:17:50]} 37. Rxb5 {[%clk 0:02:30]}  Rc6 {[%clk 0:14:27]} 38. Rc5 {[%clk 0:02:42]}  Rxc5 {[%clk 0:13:52]} 39. Nxc5 {[%clk 0:03:05]}  Nc8 {[%clk 0:14:13]} 40. f3 {[%clk 0:01:37]}  Kg6 {[%clk 0:13:12]} 41. Kf2 {[%clk 0:01:19]}  Kf7 {[%clk 0:13:24]} 42. Ke3 {[%clk 0:00:46]}  Ke7 {[%clk 0:13:46]} 43. f4 {[%clk 0:24:38]}  Kd6 {[%clk 0:41:35]} 44. Na6 {[%clk 0:23:46]}  Kd7 {[%clk 0:41:36]} 45. fxe5 {[%clk 0:23:11]}  fxe5 {[%clk 0:41:06]} 46. Ke4 {[%clk 0:23:06]}  Ke6 {[%clk 0:41:04]} 47. Nc5+ {[%clk 0:20:39]} 1-0

[Event "Amateur Tournament (ATO)"]
[Site "https://www.chess.com"]
[Date "2025.07.16"]
[Round "2"]
[White "Funk, Kurt"]
[Black "Haas, Anthony"]
[Result "0-1"]
[Board "13"]
[WhiteFideId "1317423"]
[BlackFideId "1346407"]
[WhiteElo "1734"]
[BlackElo "1883"]
[WhiteTeam "SUI"]
[BlackTeam "SUI"]
[WhiteClock "0:07:02"]
[BlackClock "0:13:14"]
[Variant "Standard"]

1. d4 {[%clk 1:30:57]}  e6 {[%clk 1:30:46]} 2. Nf3 {[%clk 1:31:16]}  Nf6 {[%clk 1:31:00]} 3. Bf4 {[%clk 1:31:32]}  d5 {[%clk 1:31:18]} 4. e3 {[%clk 1:31:53]}  Bd6 {[%clk 1:30:56]} 5. Bg3 {[%clk 1:29:48]}  c5 {[%clk 1:30:35]} 6. c3 {[%clk 1:30:08]}  Nc6 {[%clk 1:30:24]} 7. Bd3 {[%clk 1:27:18]}  O-O {[%clk 1:26:18]} 8. Nbd2 {[%clk 1:21:47]}  Re8 {[%clk 1:19:37]} 9. Ne5 {[%clk 1:21:00]}  Qc7 {[%clk 1:19:30]} 10. f4 {[%clk 1:17:53]}  Ne7 {[%clk 1:17:24]} 11. O-O {[%clk 1:04:30]}  b6 {[%clk 1:12:25]} 12. Ndf3 {[%clk 0:54:35]}  Rf8 {[%clk 0:51:39]} 13. Bf2 {[%clk 0:49:07]}  Ne4 {[%clk 0:49:31]} 14. Nd2 {[%clk 0:38:45]}  Bb7 {[%clk 0:45:49]} 15. Bxe4 {[%clk 0:33:44]}  dxe4 {[%clk 0:46:01]} 16. h3 {[%clk 0:26:50]}  f6 {[%clk 0:41:47]} 17. Ng4 {[%clk 0:23:58]}  Nf5 {[%clk 0:34:39]} 18. Nh2 {[%clk 0:20:01]}  g5 {[%clk 0:23:56]} 19. g4 {[%clk 0:13:19]}  Ne7 {[%clk 0:16:12]} 20. Bg3 {[%clk 0:11:03]}  Ng6 {[%clk 0:15:39]} 21. Nc4 {[%clk 0:09:04]}  gxf4 {[%clk 0:14:00]} 22. exf4 {[%clk 0:07:02]}  Bxf4 {[%clk 0:13:14]} 0-1

[Event "Amateur Tournament (ATO)"]
[Site "https://www.chess.com"]
[Date "2025.07.16"]
[Round "2"]
[White "Ruchat, Blaise"]
[Black "Lesniak, Julien"]
[Result "0-1"]
[Board "14"]
[WhiteFideId "1328921"]
[BlackFideId "1303074"]
[WhiteElo "1874"]
[BlackElo "1741"]
[WhiteTeam "SUI"]
[BlackTeam "SUI"]
[WhiteClock "0:01:08"]
[BlackClock "0:01:28"]
[Variant "Standard"]

1. Nf3 {[%clk 1:30:54]}  e6 {[%clk 1:28:41]} 2. c4 {[%clk 1:28:41]}  Nf6 {[%clk 1:28:01]} 3. g3 {[%clk 1:28:55]}  d5 {[%clk 1:26:22]} 4. Bg2 {[%clk 1:29:10]}  Be7 {[%clk 1:25:55]} 5. O-O {[%clk 1:28:17]}  O-O {[%clk 1:24:19]} 6. d3 {[%clk 1:27:05]}  c5 {[%clk 1:11:28]} 7. Bf4 {[%clk 1:21:53]}  Nc6 {[%clk 1:09:23]} 8. Nc3 {[%clk 1:06:50]}  Nh5 {[%clk 1:05:32]} 9. Bd2 {[%clk 1:03:24]}  d4 {[%clk 1:02:08]} 10. Nb5 {[%clk 0:58:53]}  a6 {[%clk 0:55:20]} 11. Na3 {[%clk 0:58:18]}  e5 {[%clk 0:50:27]} 12. e3 {[%clk 0:55:52]}  Nf6 {[%clk 0:47:20]} 13. exd4 {[%clk 0:55:42]}  exd4 {[%clk 0:45:59]} 14. Nc2 {[%clk 0:50:27]}  Bf5 {[%clk 0:42:27]} 15. Bg5 {[%clk 0:49:44]}  h6 {[%clk 0:37:29]} 16. Bxf6 {[%clk 0:49:30]}  Bxf6 {[%clk 0:37:34]} 17. a3 {[%clk 0:49:24]}  Qd6 {[%clk 0:33:15]} 18. Qd2 {[%clk 0:44:32]}  a5 {[%clk 0:31:07]} 19. b3 {[%clk 0:44:10]}  Rfb8 {[%clk 0:25:06]} 20. a4 {[%clk 0:26:01]}  Re8 {[%clk 0:22:18]} 21. Rfe1 {[%clk 0:25:26]}  Qd7 {[%clk 0:21:18]} 22. Rxe8+ {[%clk 0:16:42]}  Rxe8 {[%clk 0:21:15]} 23. Rd1 {[%clk 0:16:54]}  b6 {[%clk 0:19:57]} 24. Bf1 {[%clk 0:11:29]}  Bg4 {[%clk 0:17:43]} 25. Be2 {[%clk 0:10:45]}  Qf5 {[%clk 0:16:23]} 26. Kg2 {[%clk 0:06:34]}  Bg5 {[%clk 0:09:44]} 27. Qe1 {[%clk 0:01:05]}  Bxf3+ {[%clk 0:09:28]} 28. Bxf3 {[%clk 0:01:05]}  Rxe1 {[%clk 0:09:00]} 29. Rxe1 {[%clk 0:01:27]}  Qd7 {[%clk 0:05:38]} 30. h4 {[%clk 0:01:25]}  Bf6 {[%clk 0:05:50]} 31. Bd5 {[%clk 0:00:39]}  Ne5 {[%clk 0:03:08]} 32. Be4 {[%clk 0:00:46]}  Kf8 {[%clk 0:02:49]} 33. Na3 {[%clk 0:00:48]}  Qe7 {[%clk 0:01:33]} 34. Re2 {[%clk 0:01:00]}  Qd7 {[%clk 0:01:41]} 35. Nb5 {[%clk 0:01:14]}  Qg4 {[%clk 0:01:25]} 36. f3 {[%clk 0:01:08]}  Qd7 {[%clk 0:01:28]} 0-1

[Event "Amateur Tournament (ATO)"]
[Site "https://www.chess.com"]
[Date "2025.07.16"]
[Round "2"]
[White "Navarini, Vincent"]
[Black "Tereshchenko, Eliza"]
[Result "0-1"]
[Board "15"]
[WhiteFideId "1345249"]
[BlackFideId "34389890"]
[WhiteElo "1731"]
[BlackElo "1874"]
[WhiteTeam "SUI"]
[BlackTeam "FID"]
[WhiteClock "0:03:46"]
[BlackClock "0:53:59"]
[Variant "Standard"]

1. d4 {[%clk 1:21:29]}  d5 {[%clk 1:30:52]} 2. c4 {[%clk 1:21:47]}  e6 {[%clk 1:31:12]} 3. Nc3 {[%clk 1:22:06]}  Nf6 {[%clk 1:31:30]} 4. cxd5 {[%clk 1:22:30]}  exd5 {[%clk 1:31:55]} 5. Bg5 {[%clk 1:22:56]}  Be7 {[%clk 1:32:11]} 6. e3 {[%clk 1:23:21]}  c6 {[%clk 1:32:19]} 7. Bd3 {[%clk 1:23:00]}  O-O {[%clk 1:32:14]} 8. Qc2 {[%clk 1:20:35]}  h6 {[%clk 1:32:26]} 9. Bh4 {[%clk 1:20:57]}  Re8 {[%clk 1:32:11]} 10. Nge2 {[%clk 1:19:35]}  Nbd7 {[%clk 1:30:08]} 11. f3 {[%clk 0:52:46]}  a5 {[%clk 1:28:16]} 12. O-O {[%clk 0:45:48]}  b5 {[%clk 1:25:55]} 13. e4 {[%clk 0:33:21]}  dxe4 {[%clk 1:19:05]} 14. fxe4 {[%clk 0:30:24]}  Ba6 {[%clk 1:05:59]} 15. e5 {[%clk 0:17:07]}  Ng4 {[%clk 0:57:09]} 16. Bh7+ {[%clk 0:07:53]}  Kh8 {[%clk 0:55:58]} 17. Rxf7 {[%clk 0:04:08]}  Bxh4 {[%clk 0:52:51]} 18. Qg6 {[%clk 0:03:26]}  Qg5 {[%clk 0:52:24]} 19. Rxd7 {[%clk 0:02:32]}  Qe3+ {[%clk 0:52:27]} 20. Kh1 {[%clk 0:02:45]}  Nf2+ {[%clk 0:52:46]} 21. Kg1 {[%clk 0:03:02]}  Nh3+ {[%clk 0:53:09]} 22. Kh1 {[%clk 0:03:24]}  Qg1+ {[%clk 0:53:33]} 23. Nxg1 {[%clk 0:03:46]}  Nf2# {[%clk 0:53:59]} 0-1

[Event "Amateur Tournament (ATO)"]
[Site "https://www.chess.com"]
[Date "2025.07.16"]
[Round "2"]
[White "Leuenberger, Urs"]
[Black "Gotti, Nicola"]
[Result "1-0"]
[Board "16"]
[WhiteFideId "1310585"]
[BlackFideId "1301039"]
[WhiteElo "1859"]
[BlackElo "1738"]
[WhiteTeam "SUI"]
[BlackTeam "SUI"]
[WhiteClock "0:33:29"]
[BlackClock "0:29:47"]
[Variant "Standard"]

1. e4 {[%clk 1:30:48]}  e5 {[%clk 1:30:55]} 2. Nf3 {[%clk 1:31:04]}  Nc6 {[%clk 1:31:17]} 3. Bb5 {[%clk 1:31:13]}  a6 {[%clk 1:31:38]} 4. Bxc6 {[%clk 1:31:26]}  dxc6 {[%clk 1:31:56]} 5. O-O {[%clk 1:31:14]}  Bg4 {[%clk 1:32:20]} 6. h3 {[%clk 1:31:16]}  h5 {[%clk 1:32:43]} 7. d3 {[%clk 1:30:54]}  Qf6 {[%clk 1:32:07]} 8. Nbd2 {[%clk 1:30:20]}  Bd6 {[%clk 1:30:41]} 9. Qe1 {[%clk 1:28:54]}  O-O-O {[%clk 1:25:00]} 10. Qe3 {[%clk 1:28:41]}  Ne7 {[%clk 1:21:38]} 11. Nh2 {[%clk 1:18:59]}  Be6 {[%clk 1:20:08]} 12. Ndf3 {[%clk 1:17:09]}  Kb8 {[%clk 1:16:42]} 13. Qe1 {[%clk 1:10:03]}  Qg6 {[%clk 1:08:12]} 14. Nh4 {[%clk 1:02:12]}  Qh7 {[%clk 1:07:34]} 15. N4f3 {[%clk 0:54:59]}  f6 {[%clk 1:07:23]} 16. d4 {[%clk 0:54:08]}  exd4 {[%clk 1:07:19]} 17. Kh1 {[%clk 0:48:31]}  Bc4 {[%clk 1:07:02]} 18. Rg1 {[%clk 0:48:37]}  d3 {[%clk 1:05:38]} 19. b3 {[%clk 0:47:35]}  Bxh2 {[%clk 1:05:32]} 20. Kxh2 {[%clk 0:46:50]}  Bf7 {[%clk 1:03:18]} 21. cxd3 {[%clk 0:40:27]}  Rxd3 {[%clk 1:02:42]} 22. Qb4 {[%clk 0:39:12]}  Ng6 {[%clk 1:01:06]} 23. Be3 {[%clk 0:37:20]}  Ne5 {[%clk 0:44:08]} 24. Nxe5 {[%clk 0:37:15]}  fxe5 {[%clk 0:43:59]} 25. Qc5 {[%clk 0:31:10]}  b6 {[%clk 0:37:53]} 26. Qxc6 {[%clk 0:26:16]}  Qg6 {[%clk 0:37:38]} 27. Qa4 {[%clk 0:18:13]}  b5 {[%clk 0:33:04]} 28. Qb4 {[%clk 0:17:04]}  Qd6 {[%clk 0:30:25]} 29. Bc5 {[%clk 0:15:33]}  Qf6 {[%clk 0:29:11]} 30. Rad1 {[%clk 0:09:10]}  Rhd8 {[%clk 0:25:15]} 31. Rxd3 {[%clk 0:09:27]}  Rxd3 {[%clk 0:24:32]} 32. f3 {[%clk 0:08:10]}  Qf4+ {[%clk 0:24:13]} 33. Kh1 {[%clk 0:08:22]}  Be6 {[%clk 0:11:57]} 34. Qe1 {[%clk 0:07:11]}  Bxh3 {[%clk 0:10:30]} 35. Qf1 {[%clk 0:03:16]}  Bf5 {[%clk 0:03:08]} 36. g3 {[%clk 0:02:45]}  Rxf3 {[%clk 0:30:14]} 37. gxf4 {[%clk 0:32:50]}  Rxf1 {[%clk 0:29:41]} 38. Rxf1 {[%clk 0:33:10]}  Bxe4+ {[%clk 0:29:47]} 39. Kh2 {[%clk 0:33:29]} 1-0

[Event "Amateur Tournament (ATO)"]
[Site "https://www.chess.com"]
[Date "2025.07.16"]
[Round "2"]
[White "Bangerter, Ena"]
[Black "Hottinger, Ieremia"]
[Result "1/2-1/2"]
[Board "17"]
[WhiteFideId "1344102"]
[BlackFideId "1359185"]
[WhiteTitle "WCM"]
[WhiteElo "1852"]
[BlackElo "1734"]
[WhiteTeam "SUI"]
[BlackTeam "SUI"]
[WhiteClock "0:01:49"]
[BlackClock "0:16:40"]
[Variant "Standard"]

1. d4 {[%clk 1:30:57]}  d5 {[%clk 1:30:52]} 2. Bf4 {[%clk 1:31:15]}  Nf6 {[%clk 1:31:05]} 3. e3 {[%clk 1:31:26]}  c5 {[%clk 1:30:52]} 4. c3 {[%clk 1:31:42]}  Nc6 {[%clk 1:29:59]} 5. Nd2 {[%clk 1:31:46]}  Bf5 {[%clk 1:28:48]} 6. Ngf3 {[%clk 1:29:46]}  e6 {[%clk 1:26:52]} 7. Qb3 {[%clk 1:29:04]}  Qb6 {[%clk 1:21:11]} 8. Nh4 {[%clk 1:28:08]}  Bg6 {[%clk 1:17:01]} 9. h3 {[%clk 1:18:51]}  c4 {[%clk 1:14:46]} 10. Qxb6 {[%clk 1:18:51]}  axb6 {[%clk 1:15:10]} 11. Nxg6 {[%clk 1:17:29]}  hxg6 {[%clk 1:15:01]} 12. a3 {[%clk 1:11:08]}  Be7 {[%clk 1:10:58]} 13. Be2 {[%clk 1:08:34]}  O-O {[%clk 1:08:25]} 14. O-O {[%clk 1:08:28]}  b5 {[%clk 1:05:05]} 15. Bf3 {[%clk 1:06:22]}  Nh5 {[%clk 1:01:55]} 16. Bh2 {[%clk 1:00:57]}  Nf6 {[%clk 0:51:52]} 17. e4 {[%clk 0:56:24]}  Rfd8 {[%clk 0:44:22]} 18. Rfe1 {[%clk 0:50:01]}  dxe4 {[%clk 0:40:24]} 19. Nxe4 {[%clk 0:48:59]}  Nxe4 {[%clk 0:36:55]} 20. Bxe4 {[%clk 0:48:23]}  Bd6 {[%clk 0:34:53]} 21. Rad1 {[%clk 0:38:11]}  Bxh2+ {[%clk 0:33:46]} 22. Kxh2 {[%clk 0:38:33]}  Rd7 {[%clk 0:26:59]} 23. d5 {[%clk 0:28:26]}  exd5 {[%clk 0:27:06]} 24. Rxd5 {[%clk 0:25:59]}  Rxd5 {[%clk 0:27:25]} 25. Bxd5 {[%clk 0:26:19]}  Rd8 {[%clk 0:27:41]} 26. Bxc6 {[%clk 0:24:16]}  bxc6 {[%clk 0:27:46]} 27. Re2 {[%clk 0:22:56]}  f6 {[%clk 0:27:35]} 28. Kg3 {[%clk 0:22:18]}  Kf7 {[%clk 0:27:53]} 29. f3 {[%clk 0:22:14]}  Rd5 {[%clk 0:27:21]} 30. Kf2 {[%clk 0:21:30]}  g5 {[%clk 0:24:35]} 31. g4 {[%clk 0:14:43]}  g6 {[%clk 0:24:13]} 32. Rc2 {[%clk 0:07:42]}  f5 {[%clk 0:23:34]} 33. Re2 {[%clk 0:07:48]}  Kf6 {[%clk 0:22:47]} 34. Kg3 {[%clk 0:07:12]}  Re5 {[%clk 0:20:04]} 35. Rd2 {[%clk 0:05:58]}  f4+ {[%clk 0:18:24]} 36. Kf2 {[%clk 0:06:17]}  Rd5 {[%clk 0:18:01]} 37. Re2 {[%clk 0:05:40]}  Re5 {[%clk 0:16:30]} 38. Rd2 {[%clk 0:03:04]}  Rd5 {[%clk 0:16:42]} 39. Re2 {[%clk 0:01:53]}  Re5 {[%clk 0:16:40]} 40. Rd2 {[%clk 0:01:49]} 1/2-1/2

[Event "Amateur Tournament (ATO)"]
[Site "https://www.chess.com"]
[Date "2025.07.16"]
[Round "2"]
[White "Aleksenko, Kirill"]
[Black "Bracher, Juerg"]
[Result "0-1"]
[Board "18"]
[WhiteFideId "1364413"]
[BlackFideId "1337521"]
[WhiteElo "1707"]
[BlackElo "1848"]
[WhiteTeam "SUI"]
[BlackTeam "SUI"]
[WhiteClock "1:09:57"]
[BlackClock "0:28:29"]
[Variant "Standard"]

1. e4 {[%clk 1:30:43]}  e6 {[%clk 1:30:46]} 2. Nf3 {[%clk 1:30:26]}  d5 {[%clk 1:30:11]} 3. e5 {[%clk 1:30:23]}  c5 {[%clk 1:30:06]} 4. Bb5+ {[%clk 1:30:06]}  Bd7 {[%clk 1:29:12]} 5. Bxd7+ {[%clk 1:28:42]}  Nxd7 {[%clk 1:28:00]} 6. c3 {[%clk 1:28:05]}  Ne7 {[%clk 1:27:36]} 7. d4 {[%clk 1:28:16]}  Qb6 {[%clk 1:18:56]} 8. O-O {[%clk 1:27:28]}  Nc6 {[%clk 1:17:17]} 9. Re1 {[%clk 1:25:04]}  Be7 {[%clk 1:16:42]} 10. b3 {[%clk 1:22:53]}  O-O {[%clk 1:12:50]} 11. Bb2 {[%clk 1:22:08]}  a5 {[%clk 1:10:25]} 12. a4 {[%clk 1:20:01]}  Rac8 {[%clk 1:04:19]} 13. Na3 {[%clk 1:19:01]}  cxd4 {[%clk 0:54:56]} 14. cxd4 {[%clk 1:16:55]}  Nb4 {[%clk 0:54:04]} 15. Re2 {[%clk 1:16:10]}  Rc6 {[%clk 0:52:10]} 16. Rc1 {[%clk 1:07:34]}  Rfc8 {[%clk 0:49:11]} 17. Nb5 {[%clk 1:06:23]}  Nb8 {[%clk 0:38:21]} 18. h3 {[%clk 1:02:52]}  N8a6 {[%clk 0:37:31]} 19. Ba3 {[%clk 1:00:26]}  Rxc1 {[%clk 0:31:58]} 20. Bxc1 {[%clk 1:00:42]}  Rc6 {[%clk 0:31:54]} 21. Ba3 {[%clk 0:58:02]}  Nc7 {[%clk 0:30:48]} 22. Bxb4 {[%clk 0:57:57]}  Bxb4 {[%clk 0:30:26]} 23. Nd6 {[%clk 0:47:36]}  Bxd6 {[%clk 0:28:19]} 24. exd6 {[%clk 0:46:14]}  Rxd6 {[%clk 0:28:39]} 25. Qd3 {[%clk 0:46:18]}  f6 {[%clk 0:24:46]} 26. Rc2 {[%clk 0:45:40]}  Rc6 {[%clk 0:24:54]} 27. Kf1 {[%clk 0:42:15]}  Qa6 {[%clk 0:22:14]} 28. Qxa6 {[%clk 0:41:40]}  Nxa6 {[%clk 0:20:02]} 29. Rxc6 {[%clk 0:41:15]}  bxc6 {[%clk 0:20:01]} 30. Ke2 {[%clk 0:41:15]}  Kf7 {[%clk 0:19:17]} 31. Kd3 {[%clk 0:41:17]}  Ke7 {[%clk 0:19:25]} 32. Kc3 {[%clk 0:41:36]}  Kd6 {[%clk 0:19:19]} 33. Nh4 {[%clk 0:41:15]}  g6 {[%clk 0:15:07]} 34. f4 {[%clk 0:41:04]}  c5 {[%clk 0:14:10]} 35. Nf3 {[%clk 0:41:23]}  Nb4 {[%clk 0:13:46]} 36. dxc5+ {[%clk 0:40:43]}  Kxc5 {[%clk 0:13:41]} 37. Nd4 {[%clk 0:40:57]}  e5 {[%clk 0:11:29]} 38. fxe5 {[%clk 0:41:09]}  fxe5 {[%clk 0:11:44]} 39. Ne6+ {[%clk 0:41:24]}  Kd6 {[%clk 0:11:05]} 40. Nf8 {[%clk 0:41:44]}  d4+ {[%clk 0:09:54]} 41. Kd2 {[%clk 0:41:49]}  e4 {[%clk 0:08:46]} 42. Nxh7 {[%clk 0:41:43]}  e3+ {[%clk 0:08:48]} 43. Ke2 {[%clk 0:41:23]}  Ke5 {[%clk 0:06:54]} 44. Ng5 {[%clk 0:40:54]}  Nd5 {[%clk 0:01:50]} 45. Nf3+ {[%clk 0:40:36]}  Ke4 {[%clk 0:02:13]} 46. Ng5+ {[%clk 0:40:53]}  Kf5 {[%clk 0:00:47]} 47. Nf3 {[%clk 0:40:40]}  Nf4+ {[%clk 0:00:44]} 48. Kf1 {[%clk 0:41:01]}  d3 {[%clk 0:29:28]} 49. g4+ {[%clk 1:11:26]}  Ke4 {[%clk 0:29:07]} 50. Ng5+ {[%clk 1:11:20]}  Kd4 {[%clk 0:29:06]} 51. Nf3+ {[%clk 1:09:53]}  Kc3 {[%clk 0:29:14]} 52. Ke1 {[%clk 1:10:05]}  d2+ {[%clk 0:27:40]} 53. Nxd2 {[%clk 1:09:24]}  exd2+ {[%clk 0:27:59]} 54. Kd1 {[%clk 1:09:41]}  Kd3 {[%clk 0:28:06]} 55. b4 {[%clk 1:09:42]}  Nd5 {[%clk 0:28:11]} 56. bxa5 {[%clk 1:09:57]}  Nc3# {[%clk 0:28:29]} 0-1

[Event "Amateur Tournament (ATO)"]
[Site "https://www.chess.com"]
[Date "2025.07.16"]
[Round "2"]
[White "Kleinhenz, Hans-Georg"]
[Black "Jampen, Florian"]
[Result "1/2-1/2"]
[Board "19"]
[WhiteFideId "4634438"]
[BlackFideId "1352261"]
[WhiteElo "1843"]
[BlackElo "1891"]
[WhiteTeam "GER"]
[BlackTeam "SUI"]
[WhiteClock "0:11:04"]
[BlackClock "0:09:36"]
[Variant "Standard"]

1. d4 {[%clk 1:30:57]}  Nf6 {[%clk 1:30:57]} 2. Nf3 {[%clk 1:31:04]}  c5 {[%clk 1:31:19]} 3. d5 {[%clk 1:31:02]}  b5 {[%clk 1:31:42]} 4. a4 {[%clk 1:19:15]}  b4 {[%clk 1:31:52]} 5. c4 {[%clk 1:19:20]}  g6 {[%clk 1:25:23]} 6. b3 {[%clk 1:13:43]}  Bg7 {[%clk 1:25:01]} 7. Bb2 {[%clk 1:13:07]}  O-O {[%clk 1:21:55]} 8. Qc2 {[%clk 1:06:07]}  e6 {[%clk 1:13:18]} 9. dxe6 {[%clk 0:57:11]}  dxe6 {[%clk 1:10:51]} 10. Nbd2 {[%clk 0:55:15]}  Nc6 {[%clk 1:07:01]} 11. e3 {[%clk 0:50:07]}  Bb7 {[%clk 1:07:18]} 12. Be2 {[%clk 0:48:22]}  Qc7 {[%clk 1:04:30]} 13. Rd1 {[%clk 0:46:17]}  Rad8 {[%clk 1:04:42]} 14. h4 {[%clk 0:39:22]}  h5 {[%clk 1:03:45]} 15. Ng5 {[%clk 0:32:36]}  Ne5 {[%clk 1:02:02]} 16. Bxe5 {[%clk 0:23:15]}  Qxe5 {[%clk 1:02:25]} 17. Ndf3 {[%clk 0:23:36]}  Rxd1+ {[%clk 1:02:01]} 18. Bxd1 {[%clk 0:23:38]}  Qc7 {[%clk 1:01:15]} 19. Qe2 {[%clk 0:21:20]}  Ne4 {[%clk 0:53:54]} 20. Nxe4 {[%clk 0:20:33]}  Bxe4 {[%clk 0:54:16]} 21. O-O {[%clk 0:20:36]}  Rd8 {[%clk 0:54:02]} 22. Bc2 {[%clk 0:17:39]}  Bb7 {[%clk 0:53:50]} 23. Rd1 {[%clk 0:17:12]}  Rd6 {[%clk 0:47:23]} 24. Rxd6 {[%clk 0:14:42]}  Qxd6 {[%clk 0:48:18]} 25. Qd2 {[%clk 0:14:57]}  Qxd2 {[%clk 0:35:51]} 26. Nxd2 {[%clk 0:15:19]}  f5 {[%clk 0:36:01]} 27. Bd1 {[%clk 0:13:21]}  Bc3 {[%clk 0:34:57]} 28. Nf1 {[%clk 0:12:42]}  Be4 {[%clk 0:33:52]} 29. f3 {[%clk 0:11:39]}  Bd3 {[%clk 0:29:43]} 30. Kf2 {[%clk 0:11:50]}  Kf7 {[%clk 0:26:58]} 31. Nh2 {[%clk 0:10:35]}  Kf6 {[%clk 0:23:02]} 32. f4 {[%clk 0:10:14]}  e5 {[%clk 0:22:37]} 33. g3 {[%clk 0:10:00]}  exf4 {[%clk 0:19:04]} 34. exf4 {[%clk 0:09:44]}  Bd4+ {[%clk 0:18:58]} 35. Ke1 {[%clk 0:10:02]}  Be3 {[%clk 0:18:31]} 36. Nf3 {[%clk 0:09:46]}  Bd4 {[%clk 0:13:13]} 37. Ng5 {[%clk 0:09:51]}  Bc3+ {[%clk 0:13:17]} 38. Kf2 {[%clk 0:10:12]}  Bd2 {[%clk 0:13:07]} 39. Nf3 {[%clk 0:10:27]}  Bc3 {[%clk 0:12:59]} 40. Ng5 {[%clk 0:10:48]}  Bd4+ {[%clk 0:13:04]} 41. Ke1 {[%clk 0:11:02]}  Ke7 {[%clk 0:09:36]} 42. Nf3 {[%clk 0:11:04]} 1/2-1/2

[Event "Amateur Tournament (ATO)"]
[Site "https://www.chess.com"]
[Date "2025.07.16"]
[Round "2"]
[White "Filimonov, Arsenii"]
[Black "Heitmann, Erik"]
[Result "1-0"]
[Board "22"]
[WhiteFideId "34171584"]
[BlackFideId "34608940"]
[WhiteElo "1666"]
[BlackElo "1821"]
[WhiteTeam "SUI"]
[BlackTeam "GER"]
[WhiteClock "0:31:17"]
[BlackClock "0:20:03"]
[Variant "Standard"]

1. e4 {[%clk 1:30:56]}  c5 {[%clk 1:30:54]} 2. Nf3 {[%clk 1:31:20]}  d6 {[%clk 1:31:21]} 3. d4 {[%clk 1:31:40]}  cxd4 {[%clk 1:31:28]} 4. Nxd4 {[%clk 1:31:57]}  Nf6 {[%clk 1:31:53]} 5. Nc3 {[%clk 1:32:15]}  a6 {[%clk 1:32:19]} 6. g3 {[%clk 1:32:11]}  e5 {[%clk 1:32:30]} 7. Nde2 {[%clk 1:32:32]}  Nc6 {[%clk 1:31:17]} 8. Bg2 {[%clk 1:32:38]}  Be7 {[%clk 1:29:45]} 9. O-O {[%clk 1:32:40]}  O-O {[%clk 1:29:57]} 10. h3 {[%clk 1:32:58]}  b5 {[%clk 1:28:58]} 11. a3 {[%clk 1:33:09]}  Bb7 {[%clk 1:26:36]} 12. g4 {[%clk 1:28:43]}  h5 {[%clk 1:17:32]} 13. Ng3 {[%clk 1:21:14]}  hxg4 {[%clk 1:16:20]} 14. hxg4 {[%clk 1:21:31]}  Bc8 {[%clk 1:11:55]} 15. Bf3 {[%clk 1:10:59]}  Nd4 {[%clk 1:06:47]} 16. Nf5 {[%clk 1:06:42]}  Bxf5 {[%clk 1:04:06]} 17. exf5 {[%clk 1:04:29]}  Nxf3+ {[%clk 1:04:12]} 18. Qxf3 {[%clk 1:04:48]}  Rc8 {[%clk 0:56:34]} 19. Qh3 {[%clk 0:59:20]}  Nh7 {[%clk 0:55:42]} 20. Kg2 {[%clk 0:57:48]}  Ng5 {[%clk 0:48:46]} 21. Qh5 {[%clk 0:43:04]}  f6 {[%clk 0:46:00]} 22. Bxg5 {[%clk 0:42:03]}  fxg5 {[%clk 0:46:18]} 23. Rh1 {[%clk 0:42:10]}  Rf6 {[%clk 0:38:00]} 24. Qh7+ {[%clk 0:42:00]}  Kf7 {[%clk 0:37:41]} 25. Ne4 {[%clk 0:40:51]}  Ke8 {[%clk 0:29:57]} 26. Nxf6+ {[%clk 0:40:01]}  Bxf6 {[%clk 0:28:41]} 27. Qg8+ {[%clk 0:40:17]}  Kd7 {[%clk 0:29:07]} 28. Qe6+ {[%clk 0:40:19]}  Kc6 {[%clk 0:28:03]} 29. c4 {[%clk 0:37:33]}  bxc4 {[%clk 0:26:25]} 30. Qxc4+ {[%clk 0:37:44]}  Kb7 {[%clk 0:26:46]} 31. Qd5+ {[%clk 0:37:15]}  Ka7 {[%clk 0:26:32]} 32. Rac1 {[%clk 0:37:10]}  Rb8 {[%clk 0:25:18]} 33. Rh8 {[%clk 0:31:44]}  Qb6 {[%clk 0:22:42]} 34. Rxb8 {[%clk 0:32:05]}  Kxb8 {[%clk 0:21:29]} 35. Rc6 {[%clk 0:30:58]}  Qd8 {[%clk 0:21:23]} 36. Qb3+ {[%clk 0:30:36]}  Ka7 {[%clk 0:21:30]} 37. Qa4 {[%clk 0:31:04]}  a5 {[%clk 0:20:03]} 38. Qb5 {[%clk 0:31:17]} 1-0